Best players of NBA teams 2015-2016 - Statistics

General Stats
  • This quiz has been taken 559 times
  • The average score is 15 of 30
Answer Stats
Hint Answer % Correct
Cleveland Cavaliers LeBron James
90%
New York Knicks Carmelo Anthony
73%
Golden State Warriors Stephen Curry
70%
Oklahoma City Thunder Kevin Durant
67%
Indiana Pacers Paul George
66%
Houston Rockets James Harden
65%
Toronto Raptors Kyle Lowry
62%
New Orelans Pelicans Anthony Davis
61%
Los Angeles Lakers Kobe Bryant
60%
Los Angeles Clippers Chris Paul
59%
Washington Wizards John Wall
59%
San Antonio Spurs Tim Duncan
58%
Dallas Mavericks Dirk Nowitzki
57%
Chicago Bulls Derrick Rose
56%
Brooklyn Nets Brook Lopez
54%
Portland Trail Blazers Damian Lillard
54%
Detroit Pistons Andre Drummond
53%
Charlotte Hornets Kemba Walker
52%
Memphis Grizzlies Marc Gasol
50%
Sacramento Kings DeMarcus Cousins
48%
Miami Heat Dwyane Wade
39%
Minnesota Timberwolves Andrew Wiggins
36%
Utah Jazz Gordon Hayward
34%
Atlanta Hawks Jeff Teague
34%
Philadelphia 76ers Nerlens Noel
23%
Boston Celtics Avery Bradley
22%
Orlando Magic Victor Oladipo
21%
Phoenix Suns Brandon Knight
15%
Milwaukee Bucks Jabari Parker
14%
Denver Nuggets Danillo Gallinari
4%
No matching quizzes found
Score Distribution
Percent of People with Each Score
Percentile by Number Answered
Your Score History
You have not taken this quiz